1313 1883 1410 1242 1939 1699 1483 1346 1419 1054 1586 1256 1681 1627 1029 1096 1743 1372 1912 1313 1291 1480 1294 1384 1382 1170 1886 1785 1446 1167 1928 1818 1242 1823 1803 1003 1147 1868 1310 1154 1691 1661 1751 1144 1859 1672 1575 1456 1679 1971 1414 1576 1458 1002 1697 1462 1480 1965 1568 1429 1420 1213 1591 1811 1948 1752 1757 1923 1772 1984 1080 1856 1568 1793 1929 1564 1322 1342 1445 1182 1936 1755 1262 1908 1601 1504 1337 1243 1180 1042 1257 1457 1382 1492 1954 1221 1609 1582 1652 BCNSPRNW ULIB Ver.6.0+V

เปลี่ยนเป็นภาษาไทย

Change to English
 แสดงรายละเอียดบรรณานุกรม
  กลับหน้าหลัก

Brief Record : Get Marc (ISO 2709) : E-mail record : QR code < ปิดหน้าต่าง
LEADER : 00000nam 2200000uu 4500
001    13399111720
003     ULIB
008    110707s2554||||th 000 0 tha d
024    9786160603428
090    นว.^bอ525อ 2554
100 0  อัญชรีย์
245 00 Aroma...กลิ่นกรุ่นอุ่นหัวใจ/^cอัญชรีย์
250    พิมพ์ครั้งที่ 4
260    กรุงเทพฯ :^bแจ่มใส,^c2554
300    248 หน้า
945    ^p159^l0^i18288
995     เกษร
999     ^aใช้งานได้ทุกระบบ
รายการนี้ยังไม่มีแท็ก
คุณยังไม่ได้ล็อกอิน คุณสามารถมีกิจกรรมร่วมกับเว็บไซต์ได้ แต่ต้องล็อกอินก่อน ::
  ล็อกอิน

รายการสื่อสารสนเทศ

ลำดับที่ ประเภท เลขเรียก/บาร์โค้ด สถานที่ สถานะ
1. นวนิยาย
นวนิยาย
นว. อ525อ 2554  
  Barcode: 18288
ห้องสมุดวิทยาเขตสวรรค์ประชารักษ์
►นวนิยาย
บนชั้น
  ขอยืม

รายการใกล้เคียง
    ผู้แต่ง [อัญชรีย์]

BibComment


ยังไม่เคยถูกคอมเมนท์

คอมเมนท์ทรัพยากรรายการนี้
  คอมเมนท์: Aromaกลิ่นกรุ่นอุ..


 Copyright 2026. Bcnsprnw @Library